00378 2200157 4500245004700000020002200047250001000069100001900079700001600098005001900114260003200133041001400165084000900179300002300188336000900211 aSelf healing 30 HaricSofia IvirzhiehText a978-623-7661-84-9 aCET.3 aSofia Ivirzhie aZihvana A.U a20240925141211 aYogyakartabChecklistc2024 aIndonesia aNONE a180 hlm :c20,5 cm atext